Statistiques concernant Devinez le Département Mystère #13

Cliquez ici pour prendre le quiz!

Statistiques générales

  • Ce quiz a été pris 172 fois
  • Le résultat moyen est 29 sur 34

Statistiques - réponses

Type de RéponseRéponse% Correct
Lettre TrouvéeA
100%
Lettre de l'AlphabetE
99%
Lettre TrouvéeN
99%
Lettre TrouvéeR
99%
Lettre TrouvéeI
98%
Lettre de l'AlphabetO
98%
Lettre TrouvéeS
98%
Lettre de l'AlphabetD
97%
Lettre de l'AlphabetL
96%
Lettre de l'AlphabetT
96%
Lettre de l'AlphabetU
95%
Lettre TrouvéeH
94%
Lettre de l'AlphabetM
94%
Lettre de l'AlphabetV
91%
Lettre de l'AlphabetC
89%
Lettre de l'AlphabetP
86%
Lettre de l'AlphabetG
85%
Lettre TrouvéeB
84%
Lettre de l'AlphabetY
83%
Lettre de l'AlphabetF
79%
Lettre de l'AlphabetQ
76%
Lettre de l'AlphabetJ
73%
Lettre de l'AlphabetX
73%
Lettre de l'AlphabetZ
73%
Lettre Bien PlacéeA
71%
Lettre Bien PlacéeB
71%
Département MystèreBas-Rhin
71%
Lettre Bien PlacéeH
71%
Lettre Bien PlacéeI
71%
Lettre de l'AlphabetK
71%
Lettre Bien PlacéeN
71%
Lettre Bien PlacéeR
71%
Lettre Bien PlacéeS
71%
Lettre de l'AlphabetW
71%

Distribution des résultats

Percentile par nombre de réponses

% des personnes avec chaque résultat

Votre développement - résultats

Vous n’avez pas pris ce quiz